| 000 | 00331nam a22001217a 4500 | ||
|---|---|---|---|
| 008 | 230619b xxu||||| |||| 00| 0 eng d | ||
| 082 |
_a004 _bSER |
||
| 100 | _cN. Sergeev | ||
| 245 |
_aAn Introduction to Computers _bTranslated from the russian by Boris Kuznetsov |
||
| 260 |
_aMoscow _bMIR _c1976 |
||
| 300 | _a304p | ||
| 942 |
_2ddc _cBK |
||
| 999 |
_c1206 _d1206 |
||